Gaming Quiz

Random Gaming or Pokémon Quiz

Legendary Pokemon (Gen-4) Quiz Stats

 Plays Quiz not verified by Sporcle

Score 0/14 Timer 01:30
0 Plays Today
Pokemon Description Pokemon Name % Correct
Only Good Move Was Spacial RendPalkia
92.8%
Spammed Roar of Time.....ForeverDialga
92.5%
Pretty Much Creator of All PokemonArceus
88.4%
Haunts Dreams....Then Eats ThemDarkrai
85.7%
Ghost Centipede w/ WingsGiratina
83.6%
When Lava Gets a SoulHeatran
82.4%
Yellow KnowledgeUxie
78.8%
Pokemon Description Pokemon Name % Correct
Blue WillPowerAzelf
76.1%
Always Evading Piece of TrashMesprit
70.7%
Looks Like The Moon Had A DaughterCresselia
70.4%
It Has 2 Tails On Its HeadManaphy
67.5%
Can Learn Fly and Has No WingsShaymin
65.1%
Tails On Its Head Attached To A BubblePhione
62.1%
Worst Ability of All PokemonRegigigas
59.7%

You're not logged in!

Compare scores with friends on all Sporcle quizzes.
OR
Log In

Show Comments

Extras

Top Quizzes Today


Score Distribution

Your Account Isn't Verified!

In order to create a playlist on Sporcle, you need to verify the email address you used during registration. Go to your Sporcle Settings to finish the process.

Report this User

Report this user for behavior that violates our Community Guidelines.

Details: